Score 0/25 Timer 02:00
2 Plays Today
Clue 3-Letter Word % Correct
• 1953's 'Peter ___' ••PAN•
98.1%
• 1961's '___ Hundred and ___ Dalmatians' ••ONE•
97.3%
Pen fluidINK
96.2%
A road-side hotelINN
92.8%
Fleming who wrote 'James Bond'IAN
91.9%
Yoko who married John LennonONO
91.4%
• 2000's 'The Emperor's ___ Groove'•NEW•
91.3%
A wordplay jokePUN
91%
Mineable metal sourceORE
89%
At this momentNOW
88.7%
• 1981's 'The ___ and the Hound' ••FOX•
87.5%
AnnoyIRK
85.8%
Crop a lawnMOW
85.8%
Clue 3-Letter Word % Correct
Seat in a churchPEW
85.2%
• 1947's '___ and Fancy Free' ••FUN•
85%
Planet of Mindy's TV mateORK
83.4%
• 2014's '___ Hero 6' ••BIG•
81.5%
Gold, in SpanishORO
80.3%
A paid athletePRO
78.5%
Ask for almsBEG
76.1%
Swab a deckMOP
75%
A diseasePOX
74.4%
Cribbage componentPEG
72.2%
A dandyFOP
68.3%
Relative of 'drat' or 'nertz'POO
62.7%

Today's Daily Dose

Missing Word
The Unexplained

Quick Pick
Sunday Things

Get the Picture
Beat It or Eat It?

You're not logged in!

Compare scores with friends on all Sporcle quizzes.
OR
Log In

Sporcle TV

Today on Sporcle TV


Watch our educational content, quiz creation guides, and fun videos on Sporcle TV.

Show Comments

Extras

Top Quizzes Today


Score Distribution

Paid Content

Your Account Isn't Verified!

In order to create a playlist on Sporcle, you need to verify the email address you used during registration. Go to your Sporcle Settings to finish the process.

Report this User

Report this user for behavior that violates our Community Guidelines.

Details: